Giúp ôn tập tốt môn toán cao cấp

Сохранить в:
Библиографические подробности
Главный автор: Lê Ngọc Lăng
Формат:
Опубликовано: H. Nxb. Giáo dục 1997
Метки: Добавить метку
Нет меток, Требуется 1-ая метка записи!
Thư viện lưu trữ: Mạng thư viện Đại học Đà Nẵng
LEADER 00686nam a2200217 4500
001 000013167
003 9504
005 20150812150831.0
008 120309s1997 sd
100 0 |a Lê Ngọc Lăng 
245 0 0 |a Giúp ôn tập tốt môn toán cao cấp  |c Lê Ngọc Lăng, Nguyễn Chí Bảo, Trần Xuân Hiển, Nguyễn Phú Trường 
260 |a H.  |b Nxb. Giáo dục  |c 1997 
774 |a Lê Ngọc Lăng  |d Giáo dục  |d H.  |d 1997  |g T.1  |h 222tr  |w 9502 
OWN |a LSP 
999 |a From the UDN01 
TYP |a Monograph 
TYP |a Printed language 
980 |a Mạng thư viện Đại học Đà Nẵng